000 00429nam a2200193Ia 4500
008 210210b1963 xxu||||| |||| 00| 0 eng d
041 _aeng
082 _a511/113
100 _aSEETHARAMAN
245 _aText book of algebra
260 _aMadras
_bThe National Publishing Co
_c1963
650 _aText
650 _aof
650 _abook
650 _aalgebra
690 _aAlgebra
700 _aMENON
906 _a007183
999 _c139520
_d139520